Teoría y práctica de la política internacional: lecciones

Guardat en:
Dades bibliogràfiques
Autor principal: Tomassini Olivares, Luciano (Autor)
Format: Llibre
Idioma:espanyol
Publicat: Santiago Universidad Católica de Chile 1989
Matèries:
Etiquetes: Afegir etiqueta
Sense etiquetes, Sigues el primer a etiquetar aquest registre!

MARC

LEADER 00000nam a2200000 a 4500
001 UCY2893
003 CL-VaPUC
008 941125e19890000CL |||||||||||||||||spa|d
082 0 4 |a 327  |b TOM  |2 21 
100 0 |a Tomassini Olivares, Luciano  |e author  |9 331048 
245 1 0 |a Teoría y práctica de la política internacional: lecciones 
300 |a 351 p 
942 |c BK 
945 |d 19941125 00:00:00  |a aalvarez 
260 |a Santiago  |b Universidad Católica de Chile  |c 1989 
650 0 |a Relaciones Internacionales  |9 255740 
650 0 |a Relaciones Exteriores  |9 255379 
651 0 |a América Latina   |9 255027 
583 |a last modification  |c 19941125 00:00:00  |k Rodrigo Vera 
999 |c 231174  |d 231172 
952 |0 0  |1 0  |4 0  |6 327_000000000000000_TOM_1989  |7 0  |8 A  |9 234037  |a BIBHIS  |b BIBHIS  |d 2019-11-15  |i 3036189  |l 2  |o 327 TOM 1989  |p 3036189  |r 2025-01-20  |s 2024-10-29  |w 2019-11-15  |y BK  |k HIS 
952 |0 0  |1 0  |4 0  |6 327_000000000000000_TOM_1989  |7 0  |8 A  |9 234038  |a BIBHIS  |b BIBHIS  |d 2019-11-15  |i 3361179  |o 327 TOM 1989  |p 3361179  |r 2025-01-20  |w 2019-11-15  |y BK  |k HIS